Foreign trade by commodities 1991-1996 Mexico, Austria, Iceland, Norway, Spain, Portugal, United Kingdom
Na minha lista:
| Formato: | Livro |
|---|---|
| Idioma: | inglês francês |
| Publicado em: |
Paris
OECD
1998
|
| Assuntos: | |
| Tags: |
Sem tags, seja o primeiro a adicionar uma tag!
|
MARC
| LEADER | 00000nam a2200000 4500 | ||
|---|---|---|---|
| 001 | c117878 | ||
| 005 | 20240422081144.0 | ||
| 020 | |a 92-64-05752-8 | ||
| 022 | |a 0474-540X | ||
| 041 | 0 | |a eng | |
| 041 | 0 | |a fre | |
| 044 | |a FR | ||
| 245 | 1 | 0 | |a Foreign trade by commodities 1991-1996 |b Mexico, Austria, Iceland, Norway, Spain, Portugal, United Kingdom |
| 264 | 1 | |a Paris |b OECD |c 1998 | |
| 300 | |a 546 s. | ||
| 610 | 2 | 0 | |a obchod zahraničný |
| 610 | 2 | 0 | |a tovar |
| 610 | 2 | 0 | |a komodity |
| 610 | 2 | 0 | |a dovoz |
| 610 | 2 | 0 | |a vývoz |
| 610 | 2 | 0 | |a výrobky |
| 610 | 2 | 0 | |a suroviny |
| 610 | 2 | 0 | |a materiál |